|
000
|
01210nam0 2200289 450
|
|
001
|
012025000480
|
|
005
|
20250905104118.21
|
|
010
|
|
@a978-7-5615-9596-1@dCNY30.00
|
|
100
|
|
@a20250221d2025 em y0chiy50 ea
|
|
101
|
0
|
@achi
|
|
102
|
|
@aCN@b350000
|
|
105
|
|
@aak a 000yy
|
|
200
|
1
|
@a福建省常见捕捞渔具鉴别手册@Afu jian sheng chang jian bu lao yu ju jian bie shou ce@f庄之栋 ... [等] 编著
|
|
210
|
|
@a厦门@c厦门大学出版社@d2025.1
|
|
215
|
|
@a72页@c图 (部分彩图)@d19cm
|
|
304
|
|
@a题名页题: 庄之栋, 刘勇, 蔡建堤, 马超, 徐春燕等编著
|
|
320
|
|
@a有书目 (第72页)
|
|
330
|
|
@a本书收集了福建省常见的准用、过渡和禁用捕捞渔具并精心绘制渔具渔法示意图, 简明直观的描述了各种渔具的分类、俗名、地区分布、判别特征和渔法特点, 并附有重要经济鱼类最小可捕规格、海洋捕捞准用和过渡渔具最小网目 (或网囊) 尺寸相关标准、福建省海洋渔业捕捞作业核准规范以及渔网网目尺寸测量方法。
|
|
606
|
0
|
@a海洋捕捞@Ahai yang bu lao@x渔具@x鉴别@y福建省@j手册
|
|
606
|
0
|
@a渔业
|
|
690
|
|
@aS@v5
|
|
690
|
|
@aS9@v4
|
|
701
|
0
|
@a庄之栋@Azhuang zhi dong@4编著
|
|
701
|
0
|
@a刘勇@Aliu yong@4编著
|
|
701
|
0
|
@a蔡建堤@Acai jian di@4编著
|
|
801
|
0
|
@aCN@bCDNYKJZYXY@c20250221
|
|
905
|
|
@aCDNYKJZYXY@b300724310-2@dS9@e24@f3
|
|
|
|
|
| |
| 福建省常见捕捞渔具鉴别手册/庄之栋 ... [等] 编著.-厦门:厦门大学出版社,2025.1 |
| 72页:图 (部分彩图);19cm |
| |
| |
| ISBN 978-7-5615-9596-1:CNY30.00 |
| 本书收集了福建省常见的准用、过渡和禁用捕捞渔具并精心绘制渔具渔法示意图, 简明直观的描述了各种渔具的分类、俗名、地区分布、判别特征和渔法特点, 并附有重要经济鱼类最小可捕规格、海洋捕捞准用和过渡渔具最小网目 (或网囊) 尺寸相关标准、福建省海洋渔业捕捞作业核准规范以及渔网网目尺寸测量方法。 |
| ● |
正题名:福建省常见捕捞渔具鉴别手册
索取号:S9/24
 
预约/预借
| 序号
|
登录号
|
条形码
|
馆藏地/架位号
|
状态
|
备注
|
|
1
|
724310
|
300724310
|
柳城-4楼/34架2列2层/
[索取号:S9/24]
|
在馆
|
|
|
2
|
724311
|
300724311
|
柳城-4楼/34架2列2层/
[索取号:S9/24]
|
在馆
|
|
|
3
|
724312
|
300724312
|
柳城-4楼/34架2列2层/
[索取号:S9/24]
|
在馆
|
|